[Event "San Cristobal Bolivar op 1st"]
[Site "San Cristobal"]
[Date "2012.09.30"]
[Round "10"]
[White "Otero Martinez, Daniel"]
[Black "Vazquez Reyes, Raul"]
[Result "1/2-1/2"]
[WhiteElo "2107"]
[BlackElo "2251"]
[PlyCount "33"]
[EventDate "2012.09.25"]
[EventType "swiss"]
[EventRounds "10"]
[EventCountry "VEN"]
[SourceTitle "EXT 2013"]
[Source "ChessBase"]
[SourceDate "2012.11.22"]
[SourceVersion "1"]
[SourceVersionDate "2012.11.22"]
[SourceQuality "1"]

1. e4 c5 2. Nf3 d6 3. c3 Nf6 4. Be2 g6 5. 0-0 Bg7 6. Re1 0-0 7. Bf1 Bg4 8. h3 Bxf3 9. Qxf3 Nc6 10. d3 b5 11. d4 cxd4 12. Bxb5 Ne5 13. Qe2 Qb6 14. cxd4 Qxd4 15. Nc3 Rfc8 16. Bg5 Qc5 17. Ba6 1/2-1/2

[Event "San Cristobal Bolivar op 1st"]
[Site "San Cristobal"]
[Date "2012.09.28"]
[Round "6"]
[White "Jauregui, Daniel Alejandro"]
[Black "Vazquez Reyes, Raul"]
[Result "0-1"]
[WhiteElo "2024"]
[BlackElo "2251"]
[PlyCount "132"]
[EventDate "2012.09.25"]
[EventType "swiss"]
[EventRounds "10"]
[EventCountry "VEN"]
[SourceTitle "EXT 2013"]
[Source "ChessBase"]
[SourceDate "2012.11.22"]
[SourceVersion "1"]
[SourceVersionDate "2012.11.22"]
[SourceQuality "1"]

1. d4 Nf6 2. c4 c5 3. d5 e6 4. Nc3 exd5 5. cxd5 d6 6. e4 g6 7. Bd3 Bg7 8. Nf3 a6 9. a4 Bg4 10. h3 Bxf3 11. Qxf3 Nbd7 12. Qg3 Nh5 13. Qe3 0-0 14. Be2 Nhf6 15. 0-0 Re8 16. Qd3 Rc8 17. Be3 c4 18. Qc2 Qe7 19. f3 Nh5 20. Rfd1 Be5 21. Bf1 f5 22. a5 Nf4 23. Bd4 Qg5 24. Kh1 Nf6 25. Bxe5 Rxe5 26. Kh2 N4h5 27. Rd4 Qf4+ 28. Kg1 Ng3 29. Re1 fxe4 30. fxe4 Nxf1 31. Rxf1 Qe3+ 32. Qf2 Qxf2+ 33. Rxf2 Kg7 34. Re2 Rc5 35. Kf2 Re7 36. Re1 Nd7 37. Ra1 Ne5 38. Rd2 Rf7+ 39. Ke3 Rc8 40. Ra4 Kf8 41. Ne2 Rf1 42. Rb4 Rc7 43. Nd4 Ke8 44. Ne6 Rcf7 45. Rb6 c3 46. bxc3 Nc4+ 47. Kd3 Nxb6 48. axb6 R7f2 49. c4 Rxd2+ 50. Kxd2 Rb1 51. c5 dxc5 52. Nxc5 Rxb6 53. Kc3 a5 54. e5 Rb5 55. Kc4 Rb4+ 56. Kc3 b6 57. Na6 Re4 58. e6 Ke7 59. Nc7 Kd6 60. Ne8+ Ke7 61. Nc7 a4 62. Nb5 Re2 63. d6+ Kd8 64. e7+ Kd7 65. Nd4 Re5 66. Nf3 Re6 0-1

[Event "San Cristobal Bolivar op 1st"]
[Site "San Cristobal"]
[Date "2012.09.28"]
[Round "7"]
[White "Vazquez Reyes, Raul"]
[Black "Montilla Reyes, Jorcerys"]
[Result "1/2-1/2"]
[WhiteElo "2251"]
[BlackElo "2061"]
[PlyCount "75"]
[EventDate "2012.09.25"]
[EventType "swiss"]
[EventRounds "10"]
[EventCountry "VEN"]
[SourceTitle "EXT 2013"]
[Source "ChessBase"]
[SourceDate "2012.11.22"]
[SourceVersion "1"]
[SourceVersionDate "2012.11.22"]
[SourceQuality "1"]

1. e4 c5 2. Nf3 Nc6 3. d4 cxd4 4. Nxd4 Qb6 5. Nb3 Nf6 6. Nc3 e6 7. Qe2 Bb4 8. Bd2 0-0 9. a3 Be7 10. e5 Ne8 11. 0-0-0 f6 12. Be3 Qc7 13. exf6 Nxf6 14. g3 a6 15. Bg2 b5 16. Bc5 Bxc5 17. Nxc5 Rb8 18. N5e4 d5 19. Nxf6+ gxf6 20. Bh3 Qe5 21. Rhe1 Qxe2 22. Nxe2 Kf7 23. Nf4 Ne5 24. Re2 Re8 25. Nd3 Nxd3+ 26. Rxd3 Bd7 27. Re1 Bc6 28. f4 e5 29. fxe5 fxe5 30. Rf3+ Kg7 31. Ref1 Rf8 32. Rxf8 Rxf8 33. Rxf8 Kxf8 34. c3 a5 35. b4 axb4 36. axb4 Ke7 37. Kd2 Kf6 38. Bc8 1/2-1/2

[Event "San Cristobal Bolivar op 1st"]
[Site "San Cristobal"]
[Date "2012.09.25"]
[Round "1"]
[White "Vazquez Reyes, Raul"]
[Black "Henao, Bernardo Andres"]
[Result "1-0"]
[WhiteElo "2251"]
[BlackElo "2112"]
[PlyCount "41"]
[EventDate "2012.09.25"]
[EventType "swiss"]
[EventRounds "10"]
[EventCountry "VEN"]
[SourceTitle "EXT 2013"]
[Source "ChessBase"]
[SourceDate "2012.11.22"]
[SourceVersion "1"]
[SourceVersionDate "2012.11.22"]
[SourceQuality "1"]

1. e4 d5 2. exd5 Qxd5 3. Nc3 Qa5 4. d4 Nf6 5. Nf3 Bf5 6. Bc4 c6 7. Bd2 e6 8. Qe2 Bb4 9. a3 0-0 10. 0-0-0 Bxc3 11. Bxc3 Qc7 12. Ne5 b5 13. Bb3 Nbd7 14. g4 Be4 15. Nxd7 Qxd7 16. g5 Bxh1 17. gxf6 Bd5 18. Qg4 g6 19. Qg5 Kh8 20. Rd3 Qd8 21. Rh3 1-0

[Event "Olympiad-40"]
[Site "Istanbul"]
[Date "2012.09.07"]
[Round "10.2"]
[White "Maznitsin, Andrei"]
[Black "Vazquez Reyes, Raul"]
[Result "1/2-1/2"]
[WhiteElo "2283"]
[BlackElo "2251"]
[PlyCount "92"]
[EventDate "2012.08.28"]
[EventType "team-swiss"]
[EventRounds "11"]
[EventCountry "TUR"]
[SourceTitle "CBM 151"]
[Source "ChessBase"]
[SourceDate "2012.11.13"]
[SourceVersion "1"]
[SourceVersionDate "2012.11.13"]
[SourceQuality "1"]
[WhiteTeam "Kyrgyzstan"]
[BlackTeam "Puerto Rico"]
[WhiteTeamCountry "KGZ"]
[BlackTeamCountry "PUR"]

1. c4 Nf6 2. Nf3 c5 3. Nc3 g6 4. g3 Bg7 5. Bg2 0-0 6. 0-0 Nc6 7. d4 cxd4 8. Nxd4 Nxd4 9. Qxd4 d6 10. Qd3 Bf5 11. e4 Be6 12. Bd2 Nd7 13. b3 a6 14. Rac1 b5 15. cxb5 axb5 16. Qxb5 Bxc3 17. Rxc3 Rxa2 18. Bh6 Qb8 19. Qg5 f6 20. Qe3 Rc8 21. Rfc1 Rxc3 22. Qxc3 Ra3 23. Rb1 Nc5 24. e5 fxe5 25. Qc1 Rxb3 26. Ra1 Qc7 27. Be3 Kf7 28. h4 Qb6 29. h5 Qb4 30. Bxc5 dxc5 31. Qh6 Rb1+ 32. Rxb1 Qxb1+ 33. Kh2 gxh5 34. Qxh5+ Qg6 35. Qxe5 Qf5 36. Qe3 c4 37. Be4 Qg4 38. Bf3 Qf5 39. Be4 Qg4 40. Bf3 Qg6 41. Be4 Qh5+ 42. Kg1 Bd5 43. Qd4 Bxe4 44. Qxe4 Qd1+ 45. Kg2 Qd3 46. Qxd3 cxd3 1/2-1/2

[Event "Olympiad-40"]
[Site "Istanbul"]
[Date "2012.09.01"]
[Round "5.2"]
[White "Oussedik, Mahfoud"]
[Black "Vazquez Reyes, Raul"]
[Result "1/2-1/2"]
[WhiteElo "2242"]
[BlackElo "2251"]
[PlyCount "252"]
[EventDate "2012.08.28"]
[EventType "team-swiss"]
[EventRounds "11"]
[EventCountry "TUR"]
[SourceTitle "CBM 151"]
[Source "ChessBase"]
[SourceDate "2012.11.13"]
[SourceVersion "1"]
[SourceVersionDate "2012.11.13"]
[SourceQuality "1"]
[WhiteTeam "Algeria"]
[BlackTeam "Puerto Rico"]
[WhiteTeamCountry "ALG"]
[BlackTeamCountry "PUR"]

1. c4 c5 2. Nf3 Nf6 3. d4 cxd4 4. Nxd4 g6 5. Nc3 Bg7 6. e4 d6 7. Be2 0-0 8. 0-0 Nc6 9. Be3 Nxd4 10. Bxd4 Be6 11. Rc1 Qa5 12. f3 Rfc8 13. b3 a6 14. Qd2 b5 15. cxb5 axb5 16. Qb2 b4 17. Na4 Ne8 18. Bxg7 Nxg7 19. Qd4 Rab8 20. Rfd1 Nh5 21. Bc4 Nf4 22. Kf2 Qh5 23. Rh1 Bxc4 24. Rxc4 Qg5 25. g3 Ne6 26. Qd3 Rxc4 27. Qxc4 Qd2+ 28. Qe2 Qd4+ 29. Qe3 Rc8 30. Re1 Rc2+ 31. Re2 Rxe2+ 32. Kxe2 Qa1 33. Qd2 Qg1 34. Kd3 Qd4+ 35. Kc2 Qa1 36. Nb2 Qxa2 37. Qxb4 Nc5 38. Qc4 Qa7 39. Qd4 Qa2 40. Qc3 Qa6 41. b4 Na4 42. Qc4 Qa7 43. Nxa4 Qxa4+ 44. Kb2 h5 45. f4 e6 46. e5 d5 47. Qc5 Kg7 48. b5 Qa5 49. Kb3 d4 50. Qb4 Qd8 51. b6 Qd5+ 52. Kb2 Qg2+ 53. Ka3 Qf3+ 54. Qb3 Qb7 55. Kb2 Qg2+ 56. Ka3 Qb7 57. Qb4 d3 58. Qd4 d2 59. Qxd2 Qxb6 60. h4 Qb5 61. Qd8 Qc5+ 62. Ka4 Qc4+ 63. Ka3 Qc3+ 64. Ka2 Qxg3 65. Qf6+ Kg8 66. Qd8+ Kh7 67. Qf6 Qg2+ 68. Kb3 Qf3+ 69. Kb4 Qe4+ 70. Kc5 Qd5+ 71. Kb6 Qd7 72. Kc5 Qc7+ 73. Kd4 Kg8 74. Ke3 Qc3+ 75. Ke4 Qc2+ 76. Ke3 Qc3+ 77. Ke4 Qe1+ 78. Kd4 Qd2+ 79. Kc5 Qd5+ 80. Kb6 Qd7 81. Kc5 Qc7+ 82. Kb5 Kh7 83. Kb4 Qb6+ 84. Kc4 Qc6+ 85. Kb4 Qe4+ 86. Kc5 Qd5+ 87. Kb6 Kg8 88. Kc7 Qc5+ 89. Kd7 Qa7+ 90. Kd6 Qb8+ 91. Kd7 Qb6 92. Kc8 Qc6+ 93. Kd8 Qd5+ 94. Kc7 Qc4+ 95. Kd7 Qd3+ 96. Ke8 Qb5+ 97. Ke7 Qb7+ 98. Kd6 Qc8 99. Ke7 Qc7+ 100. Ke8 Qc8+ 101. Ke7 Qc7+ 102. Ke8 Qb8+ 103. Ke7 Qb7+ 104. Kd8 Qa7 105. Kc8 Qd4 106. Kc7 Qd3 107. Kc6 Qd5+ 108. Kc7 Qc5+ 109. Kd7 Qa7+ 110. Kc8 Qa6+ 111. Kd7 Qb7+ 112. Kd8 Qd5+ 113. Ke7 Qc5+ 114. Kd7 Qb6 115. Kc8 Qd4 116. Kc7 Qd3 117. Kc6 Qf5 118. Qg5 Kg7 119. Kd6 Qd3+ 120. Ke7 Qa3+ 121. Ke8 Qa4+ 122. Ke7 Qa7+ 123. Ke8 Qb8+ 124. Kd7 Qb7+ 125. Kd8 Kg8 126. Qf6 Qb8+ 1/2-1/2

[Event "Philadelphia int op 9th"]
[Site "Philadelphia"]
[Date "2012.07.02"]
[Round "8"]
[White "Pratyusha, Bodda"]
[Black "Vazquez Reyes, Raul"]
[Result "1/2-1/2"]
[WhiteElo "2123"]
[BlackElo "2298"]
[PlyCount "62"]
[EventDate "2012.06.29"]
[EventType "swiss"]
[EventRounds "9"]
[EventCountry "USA"]
[SourceTitle "CBM 149 Extra"]
[Source "ChessBase"]
[SourceDate "2012.08.24"]
[SourceVersion "1"]
[SourceVersionDate "2012.08.24"]
[SourceQuality "1"]

1. e4 c5 2. Nf3 d6 3. d4 cxd4 4. Nxd4 Nf6 5. Nc3 a6 6. Be3 e5 7. Nb3 Be6 8. f3 Nbd7 9. Qd2 b5 10. 0-0-0 Rc8 11. Qf2 Rxc3 12. bxc3 Qc7 13. g4 Qxc3 14. g5 Nh5 15. Qd2 Qc6 16. Qf2 Be7 17. Bg2 0-0 18. Kb1 b4 19. Qh4 g6 20. Bh3 Nb6 21. Bxe6 fxe6 22. Qg4 Ng7 23. Bxb6 Qxb6 24. Rd3 a5 25. Qg1 Qc7 26. Qe3 Nh5 27. h4 a4 28. Nc1 Nf4 29. Rd2 d5 30. Nd3 d4 31. Qf2 Nh5 1/2-1/2

[Event "Philadelphia int op 9th"]
[Site "Philadelphia"]
[Date "2012.07.02"]
[Round "7"]
[White "Vazquez Reyes, Raul"]
[Black "Padmini, Rout"]
[Result "0-1"]
[WhiteElo "2298"]
[BlackElo "2345"]
[PlyCount "96"]
[EventDate "2012.06.29"]
[EventType "swiss"]
[EventRounds "9"]
[EventCountry "USA"]
[SourceTitle "CBM 149 Extra"]
[Source "ChessBase"]
[SourceDate "2012.08.24"]
[SourceVersion "1"]
[SourceVersionDate "2012.08.24"]
[SourceQuality "1"]

1. e4 c5 2. Nf3 d6 3. d4 cxd4 4. Nxd4 Nf6 5. Nc3 a6 6. Bg5 e6 7. f4 Qc7 8. Bxf6 gxf6 9. Qd2 b5 10. Bd3 Bb7 11. 0-0-0 Nd7 12. Kb1 0-0-0 13. a3 Kb8 14. Rhf1 Qb6 15. Nb3 Nc5 16. Qe3 Na4 17. Qxb6 Nxb6 18. Be2 h5 19. f5 e5 20. Nc5 Bc8 21. Nd3 d5 22. Nxd5 Nxd5 23. exd5 Rxd5 24. Nf2 Rxd1+ 25. Nxd1 Bb7 26. g3 h4 27. Nc3 hxg3 28. hxg3 e4 29. Rd1 Kc7 30. a4 bxa4 31. Nd5+ Bxd5 32. Rxd5 Rh2 33. Bxa6 e3 34. Ra5 e2 35. Bxe2 Rxe2 36. Rxa4 Bc5 37. Rc4 Kd6 38. b4 Bf2 39. g4 Kd5 40. Rc7 Re4 41. c3 Rxg4 42. Rxf7 Ke5 43. Rc7 Kxf5 44. b5 Ke5 45. Kc2 f5 46. c4 Bb6 47. Rc6 Bd4 48. b6 Rg2+ 0-1

[Event "Philadelphia int op 9th"]
[Site "Philadelphia"]
[Date "2012.06.30"]
[Round "3"]
[White "Ludwig, Daniel"]
[Black "Vazquez Reyes, Raul"]
[Result "1-0"]
[WhiteElo "2456"]
[BlackElo "2298"]
[PlyCount "55"]
[EventDate "2012.06.29"]
[EventType "swiss"]
[EventRounds "9"]
[EventCountry "USA"]
[SourceTitle "CBM 149 Extra"]
[Source "ChessBase"]
[SourceDate "2012.08.24"]
[SourceVersion "1"]
[SourceVersionDate "2012.08.24"]
[SourceQuality "1"]

1. d4 Nf6 2. c4 c5 3. d5 e6 4. Nc3 exd5 5. cxd5 d6 6. Nf3 g6 7. Bf4 a6 8. a4 Bg7 9. h3 0-0 10. e3 Re8 11. Nd2 Nh5 12. Bh2 f5 13. Be2 Nf6 14. 0-0 Qc7 15. Nc4 Bf8 16. a5 Nbd7 17. Na4 Ne5 18. Ncb6 Rb8 19. b4 cxb4 20. Qb3 Bd7 21. Rac1 Qd8 22. Qxb4 Bxa4 23. Nxa4 Nfd7 24. Rb1 Nc5 25. Nxc5 dxc5 26. Qc3 Bd6 27. Rb6 Bc7 28. d6 1-0

[Event "Guayaquil zt 2.3.5"]
[Site "Guayaquil"]
[Date "2012.03.06"]
[Round "2"]
[White "Joseph, Marcus"]
[Black "Vazquez Reyes, Raul"]
[Result "1/2-1/2"]
[WhiteElo "2198"]
[BlackElo "2302"]
[PlyCount "47"]
[EventDate "2012.03.05"]
[EventType "swiss"]
[EventRounds "9"]
[EventCountry "ECU"]
[SourceTitle "EXT 2013"]
[Source "ChessBase"]
[SourceDate "2012.11.22"]
[SourceVersion "1"]
[SourceVersionDate "2012.11.22"]
[SourceQuality "1"]

1. e4 c5 2. Nf3 d6 3. d4 cxd4 4. Nxd4 Nf6 5. Nc3 a6 6. h3 e6 7. g4 d5 8. exd5 Nxd5 9. Nde2 Bb4 10. Bg2 0-0 11. 0-0 Nxc3 12. Nxc3 Qc7 13. Qf3 Bd6 14. Ne4 Be5 15. Qb3 Nc6 16. c3 Bh2+ 17. Kh1 Bf4 18. Bxf4 Qxf4 19. Rad1 Ne5 20. Ng3 Nf3 21. Qb4 Qxb4 22. cxb4 Nh4 23. Be4 e5 24. Rd6 1/2-1/2

[Event "Iberoamerican-ch GpD 3rd"]
[Site "Mexico City"]
[Date "2010.11.16"]
[Round "4"]
[White "Vazquez Reyes, Raul"]
[Black "Felgaer, Ruben Alejandro"]
[Result "0-1"]
[WhiteElo "2231"]
[BlackElo "2591"]
[PlyCount "90"]
[EventDate "2010.11.13"]
[EventType "tourn"]
[EventRounds "5"]
[EventCountry "MEX"]
[EventCategory "7"]
[SourceTitle "EXT 2011"]
[Source "ChessBase"]
[SourceDate "2010.11.26"]
[SourceVersion "1"]
[SourceVersionDate "2010.11.26"]
[SourceQuality "1"]

1. e4 c5 2. Nf3 e6 3. d4 cxd4 4. Nxd4 a6 5. Nc3 Qc7 6. g3 Bb4 7. Nde2 Nf6 8. Bg2 Be7 9. 0-0 Nc6 10. Nf4 d6 11. Nd3 0-0 12. g4 Re8 13. g5 Nd7 14. f4 b5 15. a3 Bf8 16. Rf3 g6 17. Rh3 Bg7 18. Nf2 Rb8 19. Ng4 a5 20. Qe1 b4 21. axb4 axb4 22. Ne2 f5 23. gxf6 Nxf6 24. Nxf6+ Bxf6 25. c3 bxc3 26. bxc3 Na5 27. Be3 Nc4 28. Bf2 Rb2 29. Rd3 Bb7 30. Rdd1 e5 31. fxe5 Bxe5 32. Rdb1 d5 33. Bg3 dxe4 34. Rxb2 Nxb2 35. Bxe5 Rxe5 36. Qg3 Nd3 37. Rf1 Qe7 38. Kh1 e3 39. Bxb7 Nf2+ 40. Kg2 Rg5 41. Bf3 Rxg3+ 42. hxg3 Qd7 43. Rb1 Qd2 44. Rb7 Nd3 45. Bd5+ Kf8 0-1

[Event "Iberoamerican-ch GpD 3rd"]
[Site "Mexico City"]
[Date "2010.11.15"]
[Round "3"]
[White "Medina Colindres, Javier"]
[Black "Vazquez Reyes, Raul"]
[Result "1/2-1/2"]
[WhiteElo "2226"]
[BlackElo "2231"]
[PlyCount "24"]
[EventDate "2010.11.13"]
[EventType "tourn"]
[EventRounds "5"]
[EventCountry "MEX"]
[EventCategory "7"]
[SourceTitle "EXT 2011"]
[Source "ChessBase"]
[SourceDate "2010.11.26"]
[SourceVersion "1"]
[SourceVersionDate "2010.11.26"]
[SourceQuality "1"]

1. d4 Nf6 2. Nc3 d5 3. Bg5 Nbd7 4. e3 h6 5. Bh4 e6 6. Bd3 Be7 7. f4 a6 8. Nf3 b5 9. Ne5 Bb7 10. 0-0 c5 11. f5 exf5 12. Bxf5 Rf8 1/2-1/2

[Event "Iberoamerican-ch GpD 3rd"]
[Site "Mexico City"]
[Date "2010.11.14"]
[Round "2"]
[White "Vazquez Reyes, Raul"]
[Black "Almeida Quintana, Omar"]
[Result "0-1"]
[WhiteElo "2231"]
[BlackElo "2593"]
[PlyCount "72"]
[EventDate "2010.11.13"]
[EventType "tourn"]
[EventRounds "5"]
[EventCountry "MEX"]
[EventCategory "7"]
[SourceTitle "EXT 2011"]
[Source "ChessBase"]
[SourceDate "2010.11.26"]
[SourceVersion "1"]
[SourceVersionDate "2010.11.26"]
[SourceQuality "1"]

1. e4 g6 2. d4 Bg7 3. Nc3 d6 4. Nf3 a6 5. Be3 b5 6. Bd3 Bb7 7. a4 b4 8. Ne2 Nd7 9. 0-0 Ngf6 10. Ng3 0-0 11. c3 bxc3 12. bxc3 a5 13. h3 Nb6 14. Qd2 Bc6 15. d5 Be8 16. Bb5 Bxb5 17. axb5 Nc4 18. Qe2 Nxe3 19. Qxe3 Qb8 20. Nd4 Qb6 21. Rfb1 Nd7 22. Nf1 Qc5 23. Nd2 a4 24. Rb4 Nb6 25. Qd3 f5 26. Ne2 Qxf2+ 27. Kxf2 fxe4+ 28. Qf3 exf3 29. Nxf3 Rf5 30. Re4 a3 31. Rb4 Nxd5 32. Rb3 a2 33. Rb2 Nxc3 34. Nxc3 Bxc3 35. Raxa2 Rxa2 36. Rxa2 Rxb5 0-1

[Event "Pan American-ch U20"]
[Site "Montevideo"]
[Date "2009.10.07"]
[Round "3"]
[White "Gonzalez Reyes, Gabriel"]
[Black "Vazquez Reyes, Raul"]
[Result "0-1"]
[WhiteElo "1917"]
[BlackElo "2137"]
[PlyCount "92"]
[EventDate "2009.10.06"]
[EventType "swiss"]
[EventRounds "9"]
[EventCountry "URU"]
[SourceTitle "CBM 132 Extra"]
[Source "ChessBase"]
[SourceDate "2009.11.03"]
[SourceVersion "1"]
[SourceVersionDate "2009.11.03"]
[SourceQuality "1"]

1. Nf3 Nf6 2. d4 c5 3. d5 e6 4. c4 exd5 5. cxd5 d6 6. Nc3 g6 7. e4 a6 8. a4 Bg4 9. Be2 Bxf3 10. Bxf3 Bg7 11. 0-0 0-0 12. Bf4 Qe7 13. Re1 Nbd7 14. Qc2 h5 15. g3 Ne5 16. Bg2 c4 17. Bxe5 Qxe5 18. Rad1 Qe7 19. f4 Qc7 20. h3 Rfe8 21. Kh1 Rad8 22. Ne2 Nd7 23. Nd4 Qb6 24. Qd2 Nc5 25. a5 Qa7 26. Re3 Nd3 27. Rxd3 cxd3 28. Qxd3 Rc8 29. b4 Qxd4 30. Qxd4 Bxd4 31. Rxd4 Rc1+ 32. Kh2 f5 33. e5 Rc7 34. exd6 Rc2 35. d7 Rd8 36. Kg1 Rc7 37. Kf2 Kf8 38. Ke3 Rdxd7 39. Kd2 Ke7 40. Bf1 Kd6 41. Bd3 Rh7 42. h4 Rhe7 43. Bc2 Rc8 44. Bb3 Rce8 45. Rd3 Re2+ 46. Kc3 R8e3 0-1

[Event "Olympiad-38"]
[Site "Dresden"]
[Date "2008.11.22"]
[Round "9"]
[White "Haddouche, Mohamed Amine"]
[Black "Vazquez Reyes, Raul"]
[Result "1-0"]
[WhiteElo "2333"]
[BlackElo "2099"]
[PlyCount "175"]
[EventDate "2008.11.13"]
[EventType "team-swiss"]
[EventRounds "11"]
[EventCountry "GER"]
[SourceTitle "CBM 128"]
[Source "ChessBase"]
[SourceDate "2009.01.28"]
[SourceVersion "1"]
[SourceVersionDate "2009.01.28"]
[SourceQuality "1"]
[WhiteTeam "Algeria"]
[BlackTeam "Puerto Rico"]
[WhiteTeamCountry "ALG"]
[BlackTeamCountry "PUR"]

1. e4 c5 2. Nf3 d6 3. d4 cxd4 4. Nxd4 Nf6 5. Nc3 a6 6. Be2 e5 7. Nb3 Be7 8. 0-0 0-0 9. Kh1 b6 10. f4 Bb7 11. Bf3 Nbd7 12. Qe1 Rc8 13. Be3 b5 14. a3 Re8 15. Rd1 Qc7 16. f5 Bf8 17. Bg5 h6 18. Bc1 d5 19. exd5 e4 20. Be2 b4 21. axb4 Bxb4 22. Nb5 Bxe1 23. Nxc7 Rxc7 24. Rfxe1 Rxc2 25. Nd4 Rc5 26. d6 Ne5 27. Bf4 Rd5 28. Nb3 Nd3 29. Bxd3 exd3 30. Rxe8+ Nxe8 31. Nc5 Bc8 32. b4 Nxd6 33. g4 Nb5 34. Rxd3 Rxd3 35. Nxd3 Nd4 36. Kg2 Bd7 37. Kf2 Bb5 38. Nc5 Nc6 39. Bd2 Ne5 40. Kg3 Kf8 41. Bc3 Nd7 42. Ne4 Bd3 43. Nf2 Bc2 44. Kf4 Kg8 45. Ne4 Nb6 46. Bd2 Nc4 47. Be1 Kf8 48. Nc5 Nb2 49. Ke3 Bd1 50. h3 Nc4+ 51. Kd4 Nd6 52. Nxa6 Nb5+ 53. Kc5 Be2 54. Nb8 Ke7 55. Nc6+ Kf6 56. Bh4+ g5 57. Bg3 Kg7 58. Be5+ Kh7 59. Bf6 Nc7 60. Nd4 Bf1 61. Kc6 Na6 62. b5 Nb4+ 63. Kc5 Nd3+ 64. Kd6 Nf2 65. b6 Ne4+ 66. Kc7 Ba6 67. Be7 Nc3 68. Kc6 Na4 69. b7 Bxb7+ 70. Kxb7 Nc3 71. Bb4 Ne4 72. Be1 Kg7 73. Kc6 Nf6 74. Nc2 Kg8 75. Ne3 Ne4 76. Kd5 Nf6+ 77. Kd4 h5 78. Bg3 hxg4 79. hxg4 Kh7 80. Be5 Ng8 81. Nd5 Nh6 82. Nf6+ Kg7 83. Kd5 Kf8 84. Kd6 Kg7 85. Ke7 Kh8 86. Kf8 Nxg4 87. Nxg4+ Kh7 88. Bg7 1-0

[Event "Central America & Carib School-chT U16"]
[Site "Salinas"]
[Date "2007.11.??"]
[Round "3.1"]
[White "Vazquez Reyes, Raul"]
[Black "Bassan, Remo"]
[Result "0-1"]
[WhiteElo "2027"]
[BlackElo "2041"]
[PlyCount "90"]
[EventDate "2007.11.09"]
[EventType "swiss"]
[EventRounds "7"]
[EventCountry "PUR"]
[SourceTitle "EXT 2024"]
[Source "ChessBase"]
[SourceDate "2023.10.10"]
[SourceVersion "1"]
[SourceVersionDate "2023.10.10"]
[SourceQuality "1"]
[WhiteTeam "Puerto Rico"]
[BlackTeam "Venezuela"]
[WhiteTeamCountry "PUR"]
[BlackTeamCountry "VEN"]

1. e4 c5 2. Nf3 Nc6 3. d4 cxd4 4. Nxd4 Nf6 5. Nc3 e5 6. Ndb5 d6 7. Bg5 a6 8. Na3 b5 9. Bxf6 gxf6 10. Nd5 Bg7 11. c3 f5 12. exf5 Bxf5 13. Nc2 Ne7 14. Bd3 Be6 15. Be4 Rc8 16. Nce3 Nxd5 17. Bxd5 0-0 18. 0-0 Qb6 19. Qb3 Rfe8 20. Rfd1 Kh8 21. a4 Bh6 22. Nf1 Rc5 23. Ng3 Rxd5 24. Rxd5 Qc6 25. Rad1 bxa4 26. Qa2 Bf8 27. Ne4 Bxd5 28. Rxd5 Rb8 29. c4 Rb4 30. Nc3 Rxc4 31. h3 a3 32. Rd3 e4 33. Rg3 d5 34. Qb3 Rb4 35. Qxa3 d4 36. Na2 Rb8 37. Qa5 Bd6 38. Rg4 Qc2 39. g3 Qd1+ 40. Kh2 Qf3 41. Qd2 Be5 42. b4 f6 43. Qc2 d3 44. Qc5 d2 45. Qa7 Qxg4 0-1